000 00326nam a2200157Ia 4500
100 _aCharles/ Mary Lamb
650 _aShakespeare
942 _cBK
366 _f20
245 _aTales from Shakespeare
260 _bJaico
_c2011
082 _a808.543
_bCHA
300 _a269
546 _aENGLISH
_cComputers
999 _c22391
_d22391